Portuguese Africa.

Bibliographic Details
Main Author: Duffy, James, 1923-
Format: Book
Language:English
Published: Cambridge : Harvard University Press, 1959.
Subjects:

MARC

Tag First Indicator Second Indicator Subfields
LEADER 00000cam a2200000 4500
001 in00000282919
005 20151010090901.0
008 720922s1959 maua 00000 eng
010 |a  59007650  
035 |a (OCoLC)00412809 
035 |9 ABG4927AM 
040 |c WSU  |d TXA  |d UtOrBLW 
049 |a TXAM  |c 1 [902836]  |c 2 [339948] 
050 0 |a DT36  |b .D8 
082 0 |a 325.3469096 
100 1 |a Duffy, James,  |d 1923- 
245 1 0 |a Portuguese Africa. 
264 1 |a Cambridge :  |b Harvard University Press,  |c 1959. 
300 |a 389 pages :  |b illustrations ;  |c 25 cm. 
336 |a text  |b txt  |2 rdacontent 
337 |a unmediated  |b n  |2 rdamedia 
338 |a volume  |b nc  |2 rdacarrier 
651 0 |a Portugal  |x Colonies  |z Africa. 
999 |a MARS 
999 f f |s a61babed-d1e5-3316-8fa6-a04d79406773  |i 850445f1-b4a9-38bc-b417-ed6920561da3  |t 0 
952 f f |p ric  |a Texas A&M University  |b Rellis Campus  |c Joint Library Facility  |d Remote Storage  |t 0  |e DT36 .D8  |h Library of Congress classification  |i unmediated -- volume  |m A14802085566 
998 f f |a DT36 .D8  |t 0  |l Remote Storage